| 000 | 01092nam a22002891a 4500 | ||
|---|---|---|---|
| 001 | 34399 | ||
| 003 | BD-RjUL | ||
| 005 | 20211209052143.0 | ||
| 008 | 140517m19671963mdua b 101 0 eng d | ||
| 035 | _a(BD-RjUL)34493 | ||
| 040 |
_aLC _beng _cLC _dXNTU _dBD-RjUL |
||
| 041 | _aeng | ||
| 082 | 0 | 4 |
_a711.4 _bCIT 1967 |
| 245 | 0 | 0 |
_aCities and space : _bthe future use of urban land; essays from the fourth RFF forum / _cby Lowdon Wingo, Jr. and others Edited by Lowdon Wingo, Jr. |
| 250 | _aJohns Hopkins Paperback ed. | ||
| 260 |
_aBaltimore : _bPublished for Resources for the Future by the Johns Hopkins Press _c1963 [reprinted 1967]. |
||
| 300 |
_a261 p. : _bill. ; _c24 cm. |
||
| 504 | _aIncludes bibliographical references and index. | ||
| 650 | 0 |
_aCity planning. _9104628 |
|
| 650 | 0 |
_aCity planning _zUnited States. _949968 |
|
| 700 | 1 |
_aWingo, Lowdon, _eed. _9104629 |
|
| 710 | 2 |
_aResources for the Future (U.S.) _915517 |
|
| 711 | 2 |
_aRFF Forum on the Future Use of Urban Space, _cWashington, D.C., _d1962. _9104630 |
|
| 942 |
_2ddc _cBK |
||
| 999 |
_c34399 _d34399 |
||